000 00601nam a22002297a 4500
003 UA-OsUOA
001 114246
007 ta
008 20151026b un ||||| |||| 00| 0 ukr d
100 _aБукалов А.В.
700 _aКарпенко О.Б.
090 _a159
_bБ90
942 _cSA
040 _aUA-OsUOA
_brus
_cUA-OsUOA
_dUA-OsUOA
245 _aСоционическая теория малых групп и коллективов
300 _aС.5-33
955 _a0
041 _arus
080 _a159
773 0 _w114245
650 7 _a1 Філософські науки
_2UDC
999 _c400391
_d400391